Kurzer Abriss der Geschichte des Landeshuter Museumswesens von der deutschen Vergangenheit bis zur polnischen Gegenwart

Titel: Kurzer Abriss der Geschichte des Landeshuter Museumswesens von der deutschen Vergangenheit bis zur polnischen Gegenwart / Przemysław Burchardt
Verfasser:
In: Auf historischer Spurensuche im Bobertal... ; Bd. 3. Seminarband ... der 3. Bobertaltagung 2016, (2018), Seite 1141-1147
alle Artikel anzeigen
Veröffentlicht: 2018
Format: Aufsatz
Sprache: Deutsch
Schlagworte:
Kein Bild verfügbar
X
alg: 48502124
001A    $03025:01-09-21 
001B    $01999:01-09-21 $t22:58:38.000 
001D    $03025:01-09-21 
001U    $0utf8 
001X    $00 
002@    $0Aou 
002C    $aText $btxt $2rdacontent 
002D    $aohne Hilfsmittel zu benutzen $bn $2rdamedia 
002E    $aBand $bnc $2rdacarrier 
003@    $0485021242 
007A    $0485021242 $aHEB 
010@    $ager 
010E    $erda 
011@    $a2018 
021A    $aKurzer Abriss der Geschichte des Landeshuter Museumswesens von der deutschen Vergangenheit bis zur polnischen Gegenwart $hPrzemysław Burchardt 
028A    $BVerfasser $4aut $8Burchardt, Przemysław [Tp3] $9455434344 
031A    $h1141-1147 $j2018 
039B    $aEnthalten in $8--Afx--. Auf historischer Spurensuche im Bobertal... ; Bd. 3. Seminarband ... der 3. Bobertaltagung 2016. - Würzburg : Stiftung Kulturwerk Schlesien, 2018. - 811 - 1187 Seiten, [32] ungezählte Seiten. - Illustrationen. - ISBN 978-3-929817-09-6 $x201800000000000859 $9438600185 
044K    $RLandeshut $#Landeshut $75058478-9 $8Kamienna Góra [Tg1] $9044730373 
044K    $RKulturelle Einrichtung $RMuseumskunde $RMusealisierung $RSammlung $#Museums $#Musées $#Musei $#Museos $#Museum $#Museum $#Öffentliche Sammlung Museum $#Museen $74040795-0 $8Museum [Ts1] $9085111600 
044K    $#Cultural property $#Patrimoine culturel $#Patrimonio cultural $#Kulturerbe $#Kulturelles Erbe $74033560-4 $8Kulturerbe [Ts1] $9085089648 
044K    $RKultur $#Ethnic relations $#Cultural relations $#Relations interethniques $#Relations culturelles $#Relaciones étnicas $#Relaciones culturales $#Interkulturelle Beziehungen $#kulturelle Beziehungen $#Kulturelle Beziehungen $#Kulturbeziehung $74033552-5 $8Kulturbeziehungen [Ts1] $9085089621 
045F    $a069.094385 $eDDC23BSB 
045F/01 $a069 
045F/03 $g4385 
045F/03 $g438 
045R    $aGeschichte 1729-2013 

lok: 48502124 78

exp: 48502124 78 1 #EPN
201B/01 $001-09-21 $t15:32:14.000 
201C/01 $001-09-21 
201U/01 $0utf8 
203@/01 $01167298225 
208@/01 $a01-09-21 $be 
209A/01 $a/ $f000 $x00 
209A/01 $ab*p $x01 
220C/01 $apgar 
244Z/01 $#Generalgouvernement Polen $#Polska $#Rzeczpospolita Polska $#Polska Rzeczpospolita Ludowa $#Poland $#Pologne $#République Polonaise $#Generalne Gubernatorstwo w Polsce $#Polish People's Republic $#Polska Rzeczpospolita Polen $#PRL $#RP $#Polen Generalgouvernement $#Polska Generalgouvernement $#Besetzte Polnische Gebiete $#Besetztes Gebiet in Polen $#Okupowane Polskie Obszary $#Obszary Okupowane w Polsce $#Volksrepublik Polen $#Polska Rosyjska $#Republic Polen $#Respublika Pol'ša $#Pol'skaja Narodnaja Respublika $#République de Pologne $#Polen Links der Weichsel $#Polska po Lewej Stronie Wisły $#Lenkija $#Polija $#Gubernija Carstva Pol'skago $#Republik Polen $74046496-9 $8--Tg1--Polen $x01 $9085129801 
244Z/01 $#Schlesien $#Schlesien $#Herzogtum Schlesien $#Herzogtum Schlesien Schlesien $#Provinz Schlesien $#Śla̜sk $#Slezsko $#Silesia $74052678-1 $8--Tg1--Schlesien $x02 $9085146781 
247C/01 $82080>Marburg/Lahn, Herder-Institut, Forschungsbibliothek, Bibliographieportal $9336309341
LEADER 00000caa a2200000 c 4500
001 485021242
003 DE-603
005 20210901225838.0
007 tu
008 210901s2018 xx |||| | u00||u|ger c
035 |a (DE-599)HEB485021242 
040 |a DE-603  |b ger  |c DE-603  |d DE-603  |e rda 
041 |a ger 
082 0 4 |8 1\u  |a 069.094385  |q DE-101  |2 23/BSB 
085 |8 1\u  |b 069 
085 |8 1\u  |z 2  |s 4385 
085 |8 1\u  |z 2  |s 438 
100 1 |a Burchardt, Przemysław  |e Verfasser  |4 aut  |0 (DE-603)455434344  |0 (DE-588)1199465445  |2 gnd 
245 0 0 |a Kurzer Abriss der Geschichte des Landeshuter Museumswesens von der deutschen Vergangenheit bis zur polnischen Gegenwart  |c Przemysław Burchardt 
264 0 |c 2018 
336 |a Text  |b txt  |2 rdacontent 
337 |a ohne Hilfsmittel zu benutzen  |b n  |2 rdamedia 
338 |a Band  |b nc  |2 rdacarrier 
648 7 |a Geschichte 1729-2013  |2 gnd 
650 7 |a Museum  |0 (DE-588)4040795-0  |0 (DE-603)085111600  |2 gnd 
650 7 |a Kulturerbe  |0 (DE-588)4033560-4  |0 (DE-603)085089648  |2 gnd 
650 7 |a Kulturbeziehungen  |0 (DE-588)4033552-5  |0 (DE-603)085089621  |2 gnd 
651 7 |a Kamienna Góra  |0 (DE-588)5058478-9  |0 (DE-603)044730373  |2 gnd 
773 0 8 |i Enthalten in  |t Auf historischer Spurensuche im Bobertal... ; Bd. 3. Seminarband ... der 3. Bobertaltagung 2016  |d Würzburg : Stiftung Kulturwerk Schlesien, 2018  |h 811 - 1187 Seiten, [32] ungezählte Seiten, Illustrationen  |z 9783929817096  |g (2018), Seite 1141-1147  |w (DE-603)438600185 
924 0 |9 2080  |a (DE-603)1167298225  |b DE-2080  |c HES  |d d  |g /